Εικόνες από το αρχαίο ελληνικό θέατρο

Αποθηκεύτηκε σε:
Λεπτομέρειες βιβλιογραφικής εγγραφής
Κύριος συγγραφέας: Green, J. R. (John Richard)
Άλλοι συγγραφείς: Handley, E. W. (Eric W.), 1926-2013, Μάντζιου, Μαίρη (trlf)
Μορφή: Βιβλίο
Γλώσσα:Greek
English
Δημοσίευση: Ηράκλειο : Πανεπιστημιακές Εκδόσεις Κρήτης, 1996.
Θέματα:
Ετικέτες: Προσθήκη ετικέτας
Δεν υπάρχουν, Καταχωρήστε ετικέτα πρώτοι!

MARC

LEADER 00000cam a2200000 i 4500
001 1/20674
008 980430s1996 gr | || |||| ||gre||
020 |a 9605240246 
035 |l 10036096 
040 |a GR-MyUa  |b gre  |e AACR2 
041 1 |a gre  |h eng 
082 7 |a 792.0938   |2 (22) 
100 1 |a Green, J. R.   |q (John Richard) 
245 1 0 |a Εικόνες από το αρχαίο ελληνικό θέατρο /   |c Richard Green, Eric Handley ; μετάφραση Μαίρη Μάντζιου. 
260 |a Ηράκλειο :   |b Πανεπιστημιακές Εκδόσεις Κρήτης,   |c 1996. 
300 |a 137 σ. ;   |c 24 εκ 
500 |a Τίτλος πρωτοτύπου: Images of the Greek theatre. 
650 0 |a Theater  |z Greece  |x History  |x Pictorial works. 
650 0 |a Greek drama  |x History and criticism. 
650 0 |a Theater in art. 
650 0 |a Art, Greek. 
700 1 |a Handley, E. W.   |q (Eric W.),   |d 1926-2013. 
700 1 |a Μάντζιου, Μαίρη,  |e trlf 
852 |a INST  |b RHODES  |e 19980430  |h 792.0938 GRE  |p 005400006695  |q 005400006695  |t BK  |y 0 
901 |a BIBL-1998-1